000 00329 a2200157 4500
001 192173
020 _a978-85-260-1160-1
040 _cMagnum
100 _aLima, Edy
240 1 0 _aA vaca voadora
_lpor
245 1 0 _aA vaca voadora
300 _a107
362 0 _a2007
697 _aLITERATURA INFANTO-JUVENIL
942 _cBK
999 _c192173
_d192173